<?xml version="1.0" encoding="UTF-8"?>
<record
    xmlns:xsi="http://www.w3.org/2001/XMLSchema-instance"
    xsi:schemaLocation="http://www.loc.gov/MARC21/slim http://www.loc.gov/standards/marcxml/schema/MARC21slim.xsd"
    xmlns="http://www.loc.gov/MARC21/slim">

  <leader>03427ncm0a2200457   4500</leader>
  <controlfield tag="001">RU\NLR\ONIZ\208787</controlfield>
  <controlfield tag="005">20250624194953.0</controlfield>
  <datafield tag="035" ind1=" " ind2=" ">
    <subfield code="a">(NLR Aleph) 010889656</subfield>
  </datafield>
  <datafield tag="090" ind1=" " ind2=" ">
    <subfield code="a">10545309</subfield>
    <subfield code="c">10545309</subfield>
  </datafield>
  <datafield tag="100" ind1=" " ind2=" ">
    <subfield code="a">20150210d2013    |||y0rusy50      ca</subfield>
  </datafield>
  <datafield tag="101" ind1="0" ind2=" ">
    <subfield code="a">rus</subfield>
    <subfield code="i">rus</subfield>
    <subfield code="i">ukr</subfield>
  </datafield>
  <datafield tag="102" ind1=" " ind2=" ">
    <subfield code="a">RU</subfield>
  </datafield>
  <datafield tag="125" ind1=" " ind2=" ">
    <subfield code="a">ax</subfield>
  </datafield>
  <datafield tag="145" ind1="0" ind2=" ">
    <subfield code="a">b</subfield>
  </datafield>
  <datafield tag="200" ind1="1" ind2=" ">
    <subfield code="a">&#x412;&#x43E;&#x441;&#x435;&#x43C;&#x44C; &#x443;&#x43A;&#x440;&#x430;&#x438;&#x43D;&#x441;&#x43A;&#x438;&#x445; &#x43D;&#x430;&#x43F;&#x435;&#x432;&#x43E;&#x432;</subfield>
    <subfield code="b">&#x41D;&#x43E;&#x442;&#x44B;</subfield>
    <subfield code="e">&#x434;&#x43B;&#x44F; &#x444;&#x43B;&#x435;&#x439;&#x442;&#x44B; &#x438; &#x444;&#x43F;.</subfield>
    <subfield code="f">&#x43E;&#x431;&#x440;&#x430;&#x431;. &#x412;. &#x421;&#x43E;&#x43B;&#x43E;&#x432;&#x44C;&#x435;&#x432;&#x430;</subfield>
  </datafield>
  <datafield tag="210" ind1=" " ind2=" ">
    <subfield code="a">&#x421;&#x430;&#x43D;&#x43A;&#x442;-&#x41F;&#x435;&#x442;&#x435;&#x440;&#x431;&#x443;&#x440;&#x433;</subfield>
    <subfield code="c">&#x417;&#x43D;&#x430;&#x43A;&#x44A;</subfield>
    <subfield code="d">2013</subfield>
  </datafield>
  <datafield tag="215" ind1=" " ind2=" ">
    <subfield code="a">16 &#x441;.</subfield>
    <subfield code="c">&#x438;&#x43B;.</subfield>
    <subfield code="d">29 &#x441;&#x43C;</subfield>
  </datafield>
  <datafield tag="300" ind1=" " ind2=" ">
    <subfield code="a">&#x41D;&#x430; &#x442;&#x438;&#x442;. &#x43B;. &#x43F;&#x440;&#x435;&#x434;&#x438;&#x441;&#x43B;. &#x430;&#x432;&#x442;. &#x43E;&#x431;&#x440;&#x430;&#x431;.</subfield>
  </datafield>
  <datafield tag="300" ind1=" " ind2=" ">
    <subfield code="a">&#x41D;&#x430; &#x441;. 2 &#x43E;&#x431;&#x43B;.: &#x434;&#x430;&#x440;&#x441;&#x442;&#x432;. &#x43D;&#x430;&#x434;&#x43F;&#x438;&#x441;&#x44C; &#x412;. &#x413;. &#x421;&#x43E;&#x43B;&#x43E;&#x432;&#x44C;&#x435;&#x432;&#x430;</subfield>
  </datafield>
  <datafield tag="313" ind1=" " ind2=" ">
    <subfield code="a">&#x421;&#x438;&#x441;&#x442;&#x435;&#x43C;&#x430;&#x442;&#x438;&#x437;&#x430;&#x446;&#x438;&#x44F; &#x434;&#x43E;&#x43A;&#x443;&#x43C;&#x435;&#x43D;&#x442;&#x430; &#x43F;&#x440;&#x43E;&#x432;&#x435;&#x434;&#x435;&#x43D;&#x430; &#x43F;&#x43E; &#x438;&#x437;&#x434;&#x430;&#x43D;&#x438;&#x44E; - &#x41C;&#x435;&#x442;&#x43E;&#x434;&#x438;&#x43A;&#x430; &#x43A;&#x43B;&#x430;&#x441;&#x441;&#x438;&#x444;&#x438;&#x446;&#x438;&#x440;&#x43E;&#x432;&#x430;&#x43D;&#x438;&#x44F; &#x43C;&#x443;&#x437;&#x44B;&#x43A;&#x430;&#x43B;&#x44C;&#x43D;&#x44B;&#x445; &#x43F;&#x440;&#x43E;&#x438;&#x437;&#x432;&#x435;&#x434;&#x435;&#x43D;&#x438;&#x439; (&#x43D;&#x43E;&#x442;&#x43D;&#x44B;&#x445; &#x438;&#x437;&#x434;&#x430;&#x43D;&#x438;&#x439;) &#x43F;&#x43E; &#x442;&#x430;&#x431;&#x43B;&#x438;&#x446;&#x430;&#x43C; &#x411;&#x438;&#x431;&#x43B;&#x438;&#x43E;&#x442;&#x435;&#x447;&#x43D;&#x43E;-&#x431;&#x438;&#x431;&#x43B;&#x438;&#x43E;&#x433;&#x440;&#x430;&#x444;&#x438;&#x447;&#x435;&#x441;&#x43A;&#x438;&#x445; &#x43A;&#x43B;&#x430;&#x441;&#x441;&#x438;&#x444;&#x438;&#x43A;&#x430;&#x446;&#x438;&#x439; : &#x43C;&#x435;&#x442;&#x43E;&#x434;. &#x440;&#x435;&#x43A;&#x43E;&#x43C;&#x435;&#x43D;&#x434;&#x430;&#x446;&#x438;&#x438; / &#x413;&#x43E;&#x441;. &#x431;-&#x43A;&#x430; &#x421;&#x421;&#x421;&#x420; &#x438;&#x43C;. &#x412;.&#x418;. &#x41B;&#x435;&#x43D;&#x438;&#x43D;&#x430;.- &#x41C;., 1977. &#x418;&#x43D;&#x434;&#x435;&#x43A;&#x441;&#x443; &#x411;&#x411;&#x41A; &#x43C;&#x435;&#x442;&#x43E;&#x434;&#x438;&#x447;&#x435;&#x441;&#x43A;&#x438;&#x445; &#x440;&#x435;&#x43A;&#x43E;&#x43C;&#x435;&#x43D;&#x434;&#x430;&#x446;&#x438;&#x439; &#x43F;&#x440;&#x438;&#x441;&#x432;&#x430;&#x438;&#x432;&#x430;&#x435;&#x442;&#x441;&#x44F; &#x43A;&#x43E;&#x434; &#x411;&#x411;&#x41A; &#x434;&#x43B;&#x44F; &#x43D;&#x430;&#x443;&#x447;&#x43D;&#x44B;&#x445; &#x431;&#x438;&#x431;&#x43B;&#x438;&#x43E;&#x442;&#x435;&#x43A; - LBC/SL</subfield>
  </datafield>
  <datafield tag="327" ind1="1" ind2=" ">
    <subfield code="a">1. &#x427;&#x435;&#x440;&#x43D;&#x44B;&#x435; &#x431;&#x440;&#x43E;&#x432;&#x438; = &#x427;&#x43E;&#x440;&#x43D;ii &#x431;&#x440;&#x43E;&#x432;&#x438;;</subfield>
    <subfield code="a">2. &#x413;&#x434;&#x435; &#x43B;&#x430;&#x434; &#x432; &#x441;&#x435;&#x43C;&#x44C;&#x435; = &#x414;&#x435; &#x437;&#x433;&#x43E;&#x434;&#x430; &#x432; &#x441;i&#x43C;&#x435;&#x439;&#x441;&#x442;&#x432;&#x435;;</subfield>
    <subfield code="a">3. &#x414;&#x443;&#x435;&#x442; &#x432;&#x435;&#x442;&#x435;&#x440; = (&#x413;&#x443;&#x434;&#x435; &#x432;i&#x442;&#x435;&#x440;);</subfield>
    <subfield code="a">4. &#x413;&#x430;&#x43D;&#x434;&#x437;&#x44F;;</subfield>
    <subfield code="a">5. &#x421;&#x43E;&#x43B;&#x43D;&#x446;&#x435; &#x437;&#x430;&#x445;&#x43E;&#x434;&#x438;&#x442; = (&#x421;&#x43E;&#x43B;&#x43D;&#x446;&#x435; &#x43D;&#x438;&#x437;&#x435;&#x43D;&#x44C;&#x43A;&#x43E;);</subfield>
    <subfield code="a">6. &#x41E;&#x439;. &#x41E;&#x431;&#x440;&#x443;&#x447; &#x441;&#x43B;&#x43E;&#x43C;&#x430;&#x43B;&#x441;&#x44F; = (&#x41E;&#x439;, &#x43B;&#x43E;&#x43F;&#x43D;&#x443;&#x432; &#x43E;&#x431;&#x440;&#x443;&#x447;);</subfield>
    <subfield code="a">7. &#x41D;&#x435; &#x43F;&#x43E;&#x439;, &#x441;&#x43E;&#x43B;&#x43E;&#x432;&#x435;&#x439; = (&#x41D;&#x435; &#x449;&#x435;&#x431;&#x435;&#x447;&#x438;, &#x441;&#x43E;&#x43B;&#x43E;&#x432;&#x435;&#x439;&#x43A;&#x43E;);</subfield>
    <subfield code="a">8. &#x41E;&#x439;, &#x434;&#x438;&#x432;&#x447;&#x438;&#x43D;&#x430;, &#x448;&#x443;&#x43C;&#x438;&#x442; &#x433;&#x430;&#x439; = (&#x41E;&#x439;, &#x434;i&#x432;&#x447;&#x438;&#x43D;&#x43E;, &#x448;&#x443;&#x43C;&#x438;&#x442;&#x44C; &#x433;&#x430;&#x439;)</subfield>
  </datafield>
  <datafield tag="464" ind1=" " ind2="0">
    <subfield code="1">2001#$a&#x427;&#x435;&#x440;&#x43D;&#x44B;&#x435; &#x431;&#x440;&#x43E;&#x432;&#x438;$d&#x427;&#x43E;&#x440;&#x43D;ii &#x431;&#x440;&#x43E;&#x432;&#x438;$zukr</subfield>
    <subfield code="1">215##$a&#x421;.2-3</subfield>
    <subfield code="t">&#x427;&#x435;&#x440;&#x43D;&#x44B;&#x435; &#x431;&#x440;&#x43E;&#x432;&#x438;</subfield>
  </datafield>
  <datafield tag="464" ind1=" " ind2="0">
    <subfield code="1">2001#$a&#x413;&#x434;&#x435; &#x43B;&#x430;&#x434; &#x432; &#x441;&#x435;&#x43C;&#x44C;&#x435;$d&#x414;&#x435; &#x437;&#x433;&#x43E;&#x434;&#x430; &#x432; &#x441;i&#x43C;&#x435;&#x439;&#x441;&#x442;&#x432;&#x435;$zukr</subfield>
    <subfield code="1">215##$a&#x421;.4-5</subfield>
    <subfield code="t">&#x413;&#x434;&#x435; &#x43B;&#x430;&#x434; &#x432; &#x441;&#x435;&#x43C;&#x44C;&#x435;</subfield>
  </datafield>
  <datafield tag="464" ind1=" " ind2="0">
    <subfield code="1">2001#$a&#x414;&#x443;&#x435;&#x442; &#x432;&#x435;&#x442;&#x435;&#x440;$d(&#x413;&#x443;&#x434;&#x435; &#x432;i&#x442;&#x435;&#x440;)$zukr</subfield>
    <subfield code="t">&#x414;&#x443;&#x435;&#x442; &#x432;&#x435;&#x442;&#x435;&#x440;</subfield>
  </datafield>
  <datafield tag="464" ind1=" " ind2="0">
    <subfield code="1">2001#$a&#x413;&#x430;&#x43D;&#x434;&#x437;&#x44F;</subfield>
    <subfield code="1">215##$a&#x421;.8-9</subfield>
    <subfield code="t">&#x413;&#x430;&#x43D;&#x434;&#x437;&#x44F;</subfield>
  </datafield>
  <datafield tag="464" ind1=" " ind2="0">
    <subfield code="1">2001#$a&#x421;&#x43E;&#x43B;&#x43D;&#x446;&#x435; &#x437;&#x430;&#x445;&#x43E;&#x434;&#x438;&#x442;$d(&#x421;&#x43E;&#x43B;&#x43D;&#x446;&#x435; &#x43D;&#x438;&#x437;&#x435;&#x43D;&#x44C;&#x43A;&#x43E;)$zukr</subfield>
    <subfield code="1">215##$a&#x421;.10-11</subfield>
    <subfield code="t">&#x421;&#x43E;&#x43B;&#x43D;&#x446;&#x435; &#x437;&#x430;&#x445;&#x43E;&#x434;&#x438;&#x442;</subfield>
  </datafield>
  <datafield tag="464" ind1=" " ind2="0">
    <subfield code="1">2001#$a&#x41E;&#x439;. &#x41E;&#x431;&#x440;&#x443;&#x447; &#x441;&#x43B;&#x43E;&#x43C;&#x430;&#x43B;&#x441;&#x44F;$d(&#x41E;&#x439;, &#x43B;&#x43E;&#x43F;&#x43D;&#x443;&#x432; &#x43E;&#x431;&#x440;&#x443;&#x447;)$zukr</subfield>
    <subfield code="1">215##$a&#x421;.12-13</subfield>
    <subfield code="t">&#x41E;&#x439;. &#x41E;&#x431;&#x440;&#x443;&#x447; &#x441;&#x43B;&#x43E;&#x43C;&#x430;&#x43B;&#x441;&#x44F;</subfield>
  </datafield>
  <datafield tag="464" ind1=" " ind2="0">
    <subfield code="1">2001#$a&#x41D;&#x435; &#x43F;&#x43E;&#x439;, &#x441;&#x43E;&#x43B;&#x43E;&#x432;&#x435;&#x439;$d(&#x41D;&#x435; &#x449;&#x435;&#x431;&#x435;&#x447;&#x438;, &#x441;&#x43E;&#x43B;&#x43E;&#x432;&#x435;&#x439;&#x43A;&#x43E;)$zukr</subfield>
    <subfield code="1">215##$a&#x421;.14-15</subfield>
    <subfield code="t">&#x41D;&#x435; &#x43F;&#x43E;&#x439;, &#x441;&#x43E;&#x43B;&#x43E;&#x432;&#x435;&#x439;</subfield>
  </datafield>
  <datafield tag="464" ind1=" " ind2="0">
    <subfield code="1">2001#$a&#x41E;&#x439;, &#x434;&#x438;&#x432;&#x447;&#x438;&#x43D;&#x430;, &#x448;&#x443;&#x43C;&#x438;&#x442; &#x433;&#x430;&#x439;$d(&#x41E;&#x439;, &#x434;i&#x432;&#x447;&#x438;&#x43D;&#x43E;, &#x448;&#x443;&#x43C;&#x438;&#x442;&#x44C; &#x433;&#x430;&#x439;)$zukr</subfield>
    <subfield code="1">215##$a&#x421;.16</subfield>
    <subfield code="t">&#x41E;&#x439;, &#x434;&#x438;&#x432;&#x447;&#x438;&#x43D;&#x430;, &#x448;&#x443;&#x43C;&#x438;&#x442; &#x433;&#x430;&#x439;</subfield>
  </datafield>
  <datafield tag="606" ind1="1" ind2=" ">
    <subfield code="a">&#x41E;&#x431;&#x440;&#x430;&#x431;&#x43E;&#x442;&#x43A;&#x438; &#x43D;&#x430;&#x440;&#x43E;&#x434;&#x43D;&#x44B;&#x445; &#x43F;&#x435;&#x441;&#x435;&#x43D;</subfield>
    <subfield code="y">&#x423;&#x43A;&#x440;&#x430;&#x438;&#x43D;&#x430;-&#x420;&#x43E;&#x441;&#x441;&#x438;&#x44F;</subfield>
    <subfield code="z">20-21 &#x432;.</subfield>
    <subfield code="j">&#x41D;&#x43E;&#x442;&#x44B;</subfield>
    <subfield code="2">nlr_sh</subfield>
  </datafield>
  <datafield tag="686" ind1=" " ind2=" ">
    <subfield code="a">&#x429;957.22-42-092(2&#x420;)</subfield>
    <subfield code="v">LBC/SL</subfield>
    <subfield code="2">rubbk</subfield>
  </datafield>
  <datafield tag="700" ind1=" " ind2="1">
    <subfield code="9">z01790</subfield>
    <subfield code="a">&#x421;&#x43E;&#x43B;&#x43E;&#x432;&#x44C;&#x435;&#x432;</subfield>
    <subfield code="b">&#x412;. &#x413;.</subfield>
    <subfield code="f">1937-</subfield>
    <subfield code="g">&#x412;&#x43B;&#x430;&#x434;&#x438;&#x441;&#x43B;&#x430;&#x432; &#x413;&#x435;&#x43E;&#x440;&#x433;&#x438;&#x435;&#x432;&#x438;&#x447;</subfield>
    <subfield code="4">340</subfield>
    <subfield code="7">ca</subfield>
  </datafield>
  <datafield tag="790" ind1=" " ind2="1">
    <subfield code="9">z01700</subfield>
    <subfield code="a">Solov`yev</subfield>
    <subfield code="b">V. G.</subfield>
    <subfield code="f">1937-</subfield>
    <subfield code="g">Vladislav Georgievich</subfield>
    <subfield code="4">340</subfield>
  </datafield>
  <datafield tag="801" ind1=" " ind2="0">
    <subfield code="a">RU</subfield>
    <subfield code="b">NLR</subfield>
    <subfield code="c">20150210</subfield>
    <subfield code="g">PSBO</subfield>
  </datafield>
  <datafield tag="801" ind1=" " ind2="1">
    <subfield code="a">RU</subfield>
    <subfield code="b">NLR</subfield>
    <subfield code="c">20150210</subfield>
    <subfield code="2">rusmarc</subfield>
  </datafield>
  <datafield tag="801" ind1=" " ind2="2">
    <subfield code="a">RU</subfield>
    <subfield code="b">NLR</subfield>
    <subfield code="c">20151105</subfield>
  </datafield>
  <datafield tag="852" ind1=" " ind2=" ">
    <subfield code="a">NLR</subfield>
    <subfield code="b">&#x41C;</subfield>
    <subfield code="j">986/509</subfield>
    <subfield code="p">279443</subfield>
    <subfield code="t">1</subfield>
  </datafield>
  <datafield tag="942" ind1=" " ind2=" ">
    <subfield code="c">SCORE</subfield>
  </datafield>
  <datafield tag="980" ind1=" " ind2=" ">
    <subfield code="a">NB</subfield>
  </datafield>
  <datafield tag="980" ind1=" " ind2=" ">
    <subfield code="a">ONIZ</subfield>
  </datafield>
  <datafield tag="995" ind1=" " ind2=" ">
    <subfield code="5">2015-02-10</subfield>
    <subfield code="b">NLR01</subfield>
    <subfield code="c">NLR01</subfield>
    <subfield code="e">ONIZ</subfield>
    <subfield code="k">986/509 986/509</subfield>
    <subfield code="o">0</subfield>
    <subfield code="r">SCORE</subfield>
    <subfield code="s">986509_986509</subfield>
  </datafield>
</record>
